| 000 | 00437nam a2200169Ia 4500 | ||
|---|---|---|---|
| 008 | 221030s9999 xx 000 0 und d | ||
| 020 | _a8173197307 | ||
| 041 | _aEnglish | ||
| 100 | _aR. K. Jain | ||
| 245 | 0 |
_aAdvanced Engineering Mathematics _cby R. K. Jain, S. R. K. Iyengar |
|
| 250 | _a3rd | ||
| 260 |
_bNarosa Pub _aNew Delhi _c2012 |
||
| 300 | _a20.47 | ||
| 650 | _aBE Mathematics | ||
| 700 | _aS. R. K. Iyengar | ||
| 942 | _cBK | ||
| 999 |
_c14572 _d14572 |
||